Ekonomická statistika pro studijní obor ekonomika nevýrobní sféry a sociální rozvoj

Na minha lista:
Detalhes bibliográficos
Autor principal: Jílek, Jaroslav
Outros Autores: Souček, Eduard
Formato: Livro
Idioma:tcheco
Publicado em: Praha Státní nakladatelství technické literatury 1990
Edição:1. vyd.
Tags: Adicionar Tag
Sem tags, seja o primeiro a adicionar uma tag!

MARC

LEADER 00000nam a2200000 4500
001 c034191
005 20221215115914.2
041 0 |a cze 
044 |a CZ 
245 1 0 |a Ekonomická statistika pro studijní obor ekonomika nevýrobní sféry a sociální rozvoj  |c Jaroslav Jílek, Eduard Souček 
250 |a 1. vyd. 
264 1 |a Praha  |b Státní nakladatelství technické literatury  |c 1990 
300 |a 222 s. 
100 1 |a Jílek, Jaroslav 
700 1 |a Souček, Eduard